ბათუმის შოთა რუსთაველის სახელმწიფო უნივერსიტეტის ბიბლიოთეკა

ახლოს მოიწი სამშობლოს გულო (ბიბ.ჩანაწერი № 48476)

000 -LEADER
fixed length control field 00702nam a2200205Ia 4500
001 - CONTROL NUMBER
control field 15370
003 - CONTROL NUMBER IDENTIFIER
control field GE_BSU
008 - FIXED-LENGTH DATA ELEMENTS--GENERAL INFORMATION
fixed length control field 181216s||||||||xx |||||||||||||| ||und||
040 ## - CATALOGING SOURCE
Transcribing agency GE_BSU
080 ## - UNIVERSAL DECIMAL CLASSIFICATION NUMBER
Universal Decimal Classification number 821.353.1-1
100 ## - MAIN ENTRY--PERSONAL NAME
Personal name ლეონიძე,გიორგი
245 ## - TITLE STATEMENT
Title ახლოს მოიწი სამშობლოს გულო
245 ## - TITLE STATEMENT
Statement of responsibility, etc. რედ.შალვა დემეტრაძე. მხატვ.შ.კუპრაშვილი
260 ## - PUBLICATION, DISTRIBUTION, ETC.
Place of publication, distribution, etc. თბილისი
260 ## - PUBLICATION, DISTRIBUTION, ETC.
Name of publisher, distributor, etc. მერანი
260 ## - PUBLICATION, DISTRIBUTION, ETC.
Date of publication, distribution, etc. 1970
300 ## - PHYSICAL DESCRIPTION
Extent 102გვ.15სმ.
653 ## - INDEX TERM--UNCONTROLLED
Uncontrolled term ახლოს მოიწი სამშობლოს გულო
942 ## - ADDED ENTRY ELEMENTS (KOHA)
Koha item type წიგნი
ეგზემპლარები
Withdrawn status Lost status Damaged status Not for loan Date acquired Barcode Date last seen Price effective from Koha item type
        2018-12-17 37723 2018-12-17 2018-12-17 წიგნი